000 00903cam a2200325 4500
001 ABS64119
008 000000n2001 000 0 eng u
035 _a(Sirsi) u113543
245 _aRegional survey: Herts, Beds & Bucks
260 _c2001
490 _aProperty Week
_v66(24) 15 June 2001, 45-86(11)
590 _aABS
650 _aA1(M) CORRIDOR
650 _aBEDFORD
650 _aBEDFORDSHIRE
650 _aBUCKINGHAMSHIRE
650 _aHATFIELD
650 _aHERTFORDSHIRE
650 _aHOUSE BUILDING
650 _aINDUSTRIAL MARKET
650 _aLUTON
650 _aM1 CORRIDOR
650 _aMILTON KEYNES
650 _aPROPERTY-COMMERCIAL PROPERTY-OFFICE PROPERTY-OFFICE PROPERTY MARKET
650 _aRESIDENTIAL MARKET
650 _aST ALBANS
650 _aWELWYN GARDEN CITY
690 _aPROPERTY-COMMERCIAL PROPERTY-COMMERCIAL PROPERTY MARKET
942 _n0
999 _c67635
_d67635